[Event "POR-chT 1st League 2017"]
[Site "Leiria"]
[Date "2017.07.20"]
[Round "5"]
[White "Petkov, Vladimir"]
[Black "Suarez Garcia, Carlos"]
[Result "1-0"]
[WhiteElo "2489"]
[BlackElo "2455"]
[Annotator "TA"]
[PlyCount "57"]
[EventDate "2017.??.??"]
[EventType "team-tourn"]
[EventCountry "POR"]
[SourceTitle "playchess.com"]
[Source "ChessBase"]
[SourceQuality "1"]

{[%evp 15,57,45,59,58,57,37,45,39,68,64,179,177,184,184,184,175,219,212,225,225,225,212,212,214,258,259,262,262,356,340,363,256,281,260,379,360,456,436,520,513,622,592,600,601]} 1. d4 d6 2. Nf3 g6 3. e4 Nf6 4. Bd3 Bg7 5. O-O O-O 6. h3 Nc6 7. Re1 e5 8. c3 Nh5 {[%cal Re5d4] LiveBook: 62 Games} 9. Bc2 {B07: Pirc Defence: Miscellaneous Systems} (9. Bf1 h6 10. Na3 Nf4 11. dxe5 dxe5 12. Qxd8 Rxd8 13. Bxf4 exf4 14. Nb5 Rd7 15. Rad1 Re7 16. Nbd4 Bd7 {1-0 (50) Bologan,V (2732)-Chadaev,N (2580) Astana 2012}) 9... h6 10. Na3 {[%cal Bb1a3,Ba3c4,Bc4e3,Be3g4][%mdl 32]} a6 $146 ({Predecessor:} 10... Bd7 11. Nc4 Qe7 12. Ne3 Rae8 13. Nd5 Qd8 14. Be3 Kh7 15. dxe5 dxe5 16. Bc5 Rg8 {½-½ (68) Steflitsch,E (2371)-Fahrner,K (2300) Austria 2009}) 11. Nc4 {White is slightly better.} Qf6 {[%cal Re5d4]} 12. Ne3 Ne7 (12... Qd8 $14) 13. Ng4 $18 Bxg4 14. hxg4 Nf4 15. g3 $36 {[%mdl 2048] Threatens to win with dxe5. White is on the roll.} Ne6 {[%cal Re5d4] [#]} 16. d5 $1 Ng5 17. Nxg5 hxg5 18. Be3 Nc8 19. Qd2 Bh6 20. Kg2 {[#] Rh1 is the strong threat.} Nb6 21. b3 {[%cal Bb2b3,Bb3b4][%mdl 32]} Qg7 22. Rh1 ({Weaker is} 22. Bxg5 Bxg5 23. Qxg5 f6 $16) 22... f6 23. a4 {[%cal Ba2a4,Ba4a5][%mdl 32]} Nd7 24. a5 Kf7 (24... Rf7 {might work better.} 25. c4 Qf8) 25. b4 Rfb8 26. Ba4 {White is clearly winning.} Ke7 27. c4 b5 28. cxb5 axb5 29. Bc2 {Precision: White = 83%, Black = 37%.} 1-0

[Event "POR-chT 1st League 2017"]
[Site "Leiria"]
[Date "2017.07.20"]
[Round "5"]
[White "Gonzalez Perez, Arian"]
[Black "Strikovic, Aleksa"]
[Result "1/2-1/2"]
[WhiteElo "2461"]
[BlackElo "2509"]
[Annotator "TA"]
[PlyCount "56"]
[EventDate "2017.??.??"]
[EventType "team-tourn"]
[EventCountry "POR"]
[SourceTitle "playchess.com"]
[Source "ChessBase"]
[SourceQuality "1"]

{[%evp 16,56,35,32,39,39,39,39,39,39,39,39,39,39,39,39,37,34,40,44,39,34,61,61,132,136,126,127,121,95,91,26,26,31,33,9,8,-4,0,-8,-8,-13,-4]} 1. d4 d6 2. e4 Nf6 3. Nc3 e5 4. dxe5 dxe5 5. Qxd8+ Kxd8 6. Bc4 Ke8 7. Nf3 Bd6 8. Be3 {B07: Pirc Defence: Miscellaneous Systems} (8. Bg5 Nbd7 9. Nd2 c6 10. Bb3 Bc7 11. O-O Nc5 12. Be3 Ne6 13. f3 Ke7 14. Rfd1 Rd8 15. Ne2 Nh5 16. g3 Nf6 {½-½ (50) Shomoev,A (2550)-Najer,E (2682) Sochi 2017}) 8... a6 9. O-O-O {LiveBook: 4 Games} b5 10. Bd5 $146 {White is slightly better.} ({Predecessor:} 10. Bb3 Bb7 11. Ng5 Rf8 12. Nd5 Nbd7 13. f3 a5 14. a4 h6 15. Nxf6+ Nxf6 {½-½ (32) Michiels,B (2451)-Nevednichy,V (2570) Kalamaria 2009}) 10... Nxd5 11. Nxd5 {And now Bc5 would win.} Nd7 12. c4 bxc4 13. Nd2 Nf6 14. Nxc4 Nxd5 15. Rxd5 Be6 16. Nxd6+ cxd6 17. Rxd6 Bxa2 18. b4 Be6 19. Kb2 Bd7 (19... Rb8 $14) 20. Rc1 $16 Ke7 21. Bc5 {[#] aiming for Rxa6+.} Ke8 22. Bb6 {Black must now prevent Rc7.} Bb5 23. Rd5 ({White should try} 23. Rc7 $16 {Strongly threatening Bc5.} Kf8 24. Bc5) 23... f6 $11 24. Rc7 {Threatens to win with Bc5.} Kf8 25. Rdc5 (25. f4 $5 exf4 26. e5 $14) 25... h5 {The position is equal.} 26. Rc8+ Kf7 27. R8c7+ Kg6 28. h4 Rhd8 {Precision: White = 65%, Black = 57%.} 1/2-1/2

[Event "POR-chT 1st League 2017"]
[Site "Leiria"]
[Date "2017.07.20"]
[Round "5"]
[White "Zelbel, Patrick"]
[Black "Luch, Michal"]
[Result "1/2-1/2"]
[WhiteElo "2452"]
[BlackElo "2393"]
[Annotator "TA"]
[PlyCount "22"]
[EventDate "2017.??.??"]
[EventType "team-tourn"]
[EventCountry "POR"]
[SourceTitle "playchess.com"]
[Source "ChessBase"]
[SourceQuality "1"]

{[%evp 9,22,6,16,9,19,4,35,4,-6,-1,16,-8,-6,-26,-26]} 1. e4 c5 2. c3 d5 3. exd5 Qxd5 4. Nf3 Nc6 5. Na3 Bg4 6. Be2 {B22: Sicilian: 2 c3} e5 7. d3 f6 $146 ({Predecessor:} 7... O-O-O 8. Qa4 Bd7 9. Nc4 Kb8 10. Qb3 Bf5 11. O-O f6 12. d4 cxd4 13. cxd4 {0-1 (33) Deviatkin,A (2570)-Loskutov,O (2463) Irkutsk 2010}) 8. Nc4 {[#] Ne3 is the strong threat.} Be6 9. O-O Nge7 10. Nfd2 Qd7 11. a4 (11. Nb3 $5 {[%cal Rb3c5]} Nd5 12. d4 $11) 11... Nd5 1/2-1/2

[Event "POR-chT 1st League 2017"]
[Site "Leiria"]
[Date "2017.07.20"]
[Round "5"]
[White "Brodowski, Piotr"]
[Black "Polaczek, Richard"]
[Result "1/2-1/2"]
[WhiteElo "2442"]
[BlackElo "2406"]
[Annotator "TA"]
[PlyCount "75"]
[EventDate "2017.??.??"]
[EventType "team-tourn"]
[EventCountry "POR"]
[SourceTitle "playchess.com"]
[Source "ChessBase"]
[SourceQuality "1"]

{[%evp 19,75,-19,-24,-34,11,9,40,42,47,7,33,-19,-21,-41,-35,-85,-46,-108,-101,-127,-49,-105,-121,-135,-71,-69,-48,-65,-64,-63,-83,-86,-83,-76,-37,-44,-1,-16,0,-41,-28,-38,-18,-40,0,0,0,0,0,0,0,0,0,0,0,0,0,0]} 1. c4 e6 2. Nf3 Nf6 3. b3 d5 4. Bb2 Be7 5. g3 O-O 6. Bg2 a5 7. O-O a4 8. bxa4 Nbd7 9. cxd5 exd5 10. Nc3 {A14: English Opening: 1...e6 with b3 by White} Nb6 {LiveBook: 8 Games} 11. Rb1 (11. d4 Nc4 12. Qc2 c6 13. Ne5 Nxb2 14. Qxb2 Qa5 15. Rab1 Ra7 16. f3 Rd8 17. Nd3 Ne8 {½-½ (79) Mista,A (2579)-Savic,M (2529) Paracin 2013}) 11... Bd7 $146 {[%cal Rb6a4]} ({Predecessor:} 11... d4 12. Nb5 c5 13. Ne5 Rxa4 14. a3 Ra5 15. Ba1 Nfd5 16. e3 Bd7 17. Nxd7 Qxd7 {1-0 (44) Giffard,N (2317)-Mazet,J (2221) France 2003}) 12. Ne5 Bxa4 13. Nxa4 Rxa4 14. Qb3 (14. Nxf7 $5 Rxf7 15. Bxf6 Bxf6 16. Rxb6 $1 $14 {[%mdl 512]}) 14... Qa8 15. Qc3 ({White should try} 15. e3 $14) 15... c6 $11 16. Qe3 Nc8 17. g4 Re8 ({Don't play} 17... Rxa2 $6 18. Ra1 $11) 18. Qf3 (18. g5 $15 Ne4 19. Nxf7) 18... Nd6 $17 19. d3 {next g5 is good for White.} Qd8 (19... Qc8 $17 {[%cal Rf6g4]} 20. g5 Nd7) 20. Rfd1 ({White should play} 20. g5 $15) 20... Nd7 21. e4 {[#]} Rxa2 (21... d4 $142 $1 22. Nxd7 Qxd7) 22. Nxd7 Qxd7 23. exd5 c5 $1 24. Be5 Bh4 25. Rb2 Rxb2 26. Bxb2 Qb5 (26... h6 {feels hotter.} 27. Ra1 b5 28. Qd1 Qe7 29. Ra6 Bf6) 27. Bc1 Bf6 28. Bf4 Be5 29. Be3 Qb4 30. h3 Ra8 31. Qe2 Re8 32. Qa2 {The position is equal.} Bd4 33. Rb1 Qc3 34. Bf4 Be5 35. Be3 Bd4 36. Bf4 Be5 37. Be3 Bd4 38. Bf4 {Precision: White = 33%, Black = 41%.} 1/2-1/2

[Event "POR-chT 1st League 2017"]
[Site "Leiria"]
[Date "2017.07.20"]
[Round "5"]
[White "Iruzubieta Villaluenga, Jesus M"]
[Black "Camacho Collados, Marcos"]
[Result "1-0"]
[WhiteElo "2428"]
[BlackElo "2417"]
[Annotator "TA"]
[PlyCount "83"]
[EventDate "2017.??.??"]
[EventType "team-tourn"]
[EventCountry "POR"]
[SourceTitle "playchess.com"]
[Source "ChessBase"]
[SourceQuality "1"]

{[%evp 14,83,81,77,84,66,70,54,73,12,16,14,14,14,55,54,55,47,60,44,50,53,51,47,51,21,52,37,85,85,111,44,144,138,127,99,252,222,281,214,182,103,199,170,173,112,177,174,145,131,239,231,243,142,146,53,53,53,49,-37,-43,-956,-986,-2293,-1812,-29988,-1113,-944,29995,29996,29996,29997]} 1. e4 e5 2. Nf3 {[%cal Bg1f3,Bf3d4,Bd4e2,Be2f4][%mdl 32]} d6 3. d4 exd4 4. Nxd4 Nf6 5. Nc3 Be7 6. g3 Bg4 {C41: Philidor Defence} 7. f3 Bd7 8. Be3 {LiveBook: 13 Games} c5 $146 {White is better.} ({Predecessor:} 8... Nc6 9. Qd2 Nxd4 10. Bxd4 O-O 11. O-O-O a6 12. g4 b5 13. g5 b4 14. gxf6 bxc3 15. Qxc3 Bxf6 {1-0 (26) Perunovic,M (2693)-Draskovic,L (2421) Belgrade 2015}) 9. Nde2 Bc6 10. Nf4 O-O 11. Bg2 (11. Be2 $16) 11... Na6 12. O-O Nc7 13. a4 b6 14. Qe2 a6 15. Rad1 Qe8 16. g4 {[%cal Bg3g4,Bg4g5][%mdl 32]} b5 17. axb5 axb5 18. g5 Nd7 19. Ncd5 Nxd5 20. Nxd5 Bd8 21. f4 Ra2 22. b4 (22. e5 $1 $16) 22... c4 (22... Bxd5 $14 23. Rxd5 Nb6 24. Rxd6 Nc4 25. bxc5 Nxd6 26. cxd6 Qc6) 23. Nc3 $36 {[%mdl 2048] White is in control.} Ra3 24. Rxd6 Rxc3 $2 (24... Nb8 $16 {was necessary.}) 25. Rxc6 $18 Nb8 {[%cal Bd7b8,Bb8a6,Ba6c7][%mdl 32]} 26. Rd6 Be7 27. Rd5 (27. Rb6 $1 $18) 27... Bxb4 (27... Na6 $16) 28. e5 Na6 29. Be4 ({White should play} 29. Rb1 $18) 29... g6 (29... Nc7 $16) 30. Kh1 Ra3 31. Rb1 Qb8 (31... Qc8 $16 32. Rxb5 Bc5) 32. f5 Nc7 33. Rd7 (33. Rdd1 $1 $18 Ra4 34. Qf3) 33... Qe8 $16 34. Rbd1 (34. Rxc7 $16 Qxe5 35. Bb6) 34... gxf5 $14 35. Bxf5 {Threatening mate with Qh5.} Qxe5 {[#]} 36. Rf1 (36. Bxh7+ $1 $14 {[%mdl 512]} Kxh7 {[#]} 37. g6+ $1 {[%mdl 512]} Kg8 38. gxf7+ Kh7 39. Qg4 Qxe3 40. Qf5+ Kh6 41. Qf6+ Kh7 42. Qf5+ Kh6 43. R1d6+ $1 {[%mdl 512]} Bxd6 44. Rxd6+ Ne6 45. Rxe6+ Qxe6 46. Qxe6+ Kg7 47. Qe5+ Kxf7 48. Qxb5) 36... Rxe3 $15 37. Bxh7+ $2 {[%mdl 8192]} (37. Qh5 $15 Qg7 38. Rxc7) 37... Kxh7 $19 38. Qh5+ Kg8 {( -> ...Qe4+)} 39. Rdxf7 Qe4+ (39... Qd5+ $142 40. R7f3 Rfxf3 41. Qg6+ Kf8 42. Qh6+ Ke7 43. Qg7+ Rf7+ 44. Kg1 Rxg7 45. Rf5 Qxf5 46. h4 Qxc2 47. h5 Re1#) 40. Kg1 Re2 $4 {[%mdl 8192]} ({Inferior is} 40... Re1 41. Rxf8+ Bxf8 42. Qf7+ Kh8 43. Qxf8+ Kh7 44. Qf7+ Kh8 45. Qf8+ Kh7 46. Qf7+ Kh8 47. Qf8+ $11) (40... Ne6 $19 41. Rxf8+ Bxf8) 41. Rxf8+ Bxf8 42. Qf7+ {Precision: White = 55%, Black = 42%.} 1-0

[Event "POR-chT 1st League 2017"]
[Site "Leiria"]
[Date "2017.07.20"]
[Round "5"]
[White "Sousa, Andre Ventura"]
[Black "Ftacnik, Lubomir"]
[Result "1/2-1/2"]
[WhiteElo "2368"]
[BlackElo "2551"]
[Annotator "TA"]
[PlyCount "45"]
[EventDate "2017.??.??"]
[EventType "team-tourn"]
[EventCountry "POR"]
[SourceTitle "playchess.com"]
[Source "ChessBase"]
[SourceQuality "1"]

{[%evp 9,45,9,18,0,24,23,25,20,26,20,41,0,8,4,32,26,29,44,47,21,37,43,85,78,70,77,81,63,81,79,139,92,130,130,106,0,120,0]} 1. e4 c5 2. Nf3 d6 3. Bd3 Nf6 4. O-O Nc6 5. Re1 e5 (5... g6 6. c3 Bg7 7. Bc2 O-O 8. h3 e5 9. d3 h6 10. a3 Be6 11. b4 b5 12. Be3 cxb4 13. axb4 d5 14. Bc5 Re8 15. Nbd2 a5 16. bxa5 Rxa5 17. Rb1 Qc7 {½-½ (40) Zvjaginsev,V (2649)-Oparin,G (2605) Sochi 2017}) 6. c3 {B50: Sicilian: 2...d6, Miscellaneous} (6. Bc4 $5 {[%cal Rf3g5]}) 6... g6 7. Bb5 Bg7 8. d4 {White has an edge.} exd4 $146 ({Predecessor:} 8... Bd7 9. dxc5 dxc5 10. Qd6 Bf8 11. Qd3 Qc7 12. Na3 Bg7 13. Bg5 {1-0 (28) Lupu,M (2430)-Kupreichik,V (2515) Schwaebisch Gmuend 1994}) 9. cxd4 O-O 10. Bxc6 bxc6 11. dxc5 dxc5 12. Qa4 Qb6 13. Nc3 {[%cal Bb1c3,Bc3e4,Be4d6][%mdl 32]} Re8 14. e5 Nd7 {[%cal Rd7e5]} 15. Bf4 $36 {[%mdl 2048] White is more active.} Qxb2 {[#]} 16. Ne4 $1 {Threatens to win with Rab1.} Nb6 17. Qxc6 Be6 18. Nd6 (18. Nxc5 $2 Rac8 $17) 18... Rf8 19. Qxc5 Bxa2 (19... Nd5 $142 20. Be3 Qb6) 20. Qa5 Bd5 21. Reb1 Qe2 22. Re1 Qb2 23. Reb1 {Precision: White = 57%, Black = 57%.} (23. Bc1 $16 Qc2 24. Nd4) 1/2-1/2

[Event "POR-chT 1st League 2017"]
[Site "Leiria"]
[Date "2017.07.20"]
[Round "5"]
[White "Medarde Santiago, Luis Marcos"]
[Black "Vasques, Antonio Pedro Freix"]
[Result "1-0"]
[WhiteElo "2354"]
[BlackElo "2307"]
[Annotator "NA"]
[PlyCount "59"]
[EventDate "2017.??.??"]
[EventType "team-tourn"]
[EventCountry "POR"]
[SourceTitle "playchess.com"]
[Source "ChessBase"]
[SourceQuality "1"]
[TimeControl "5400+30"]

1. e4 {[%emt 0:00:00]} c5 {[%emt 0:08:18]} 2. Nf3 {[%emt 0:00:13]} d6 {[%emt 0:00:18]} 3. d4 {[%emt 0:00:43]} cxd4 {[%emt 0:00:11]} 4. Nxd4 {[%emt 0:00:03]} Nf6 {[%emt 0:00:06]} 5. Nc3 {[%emt 0:00:11]} a6 {[%emt 0:00:04]} 6. g3 {[%emt 0:02:05]} g6 {[%emt 0:03:26]} 7. Bg2 {[%emt 0:00:16]} Bg7 {[%emt 0:00:06]} 8. O-O {[%emt 0:00:16]} O-O {[%emt 0:00:09]} 9. h3 {[%emt 0:04:19]} Nc6 {[%emt 0:03:20]} 10. Nde2 {[%emt 0:00:02]} Bd7 {[%emt 0:06:38]} 11. Nd5 {[%emt 0:02:13]} Nxd5 {[%emt 0:05:19]} 12. exd5 {[%emt 0:00:02]} Ne5 {[%emt 0:00:11]} 13. Nd4 {[%emt 0:10:20]} Qb6 {[%emt 0:32:15] B70: Sicilian Dragon: 6 g3 and 6 Be2 (without a later Be3)} (13... Rc8 14. b3 Be8 15. c4 b5 16. f4 Nd7 17. Be3 Nc5 18. cxb5 axb5 19. Qd2 Rb8 20. Rac1 b4 21. Rc4 {½-½ (62) Spangenberg,H (2510)-Zapata,A (2565) Matanzas 1994}) 14. c3 {[%emt 0:00:01]} Bb5 $146 {[%emt 0:04:54]} ({Predecessor:} 14... Rac8 15. Kh2 Rfe8 16. f4 Nc4 17. b3 Na5 18. Bd2 e6 19. dxe6 fxe6 20. Rc1 Nc6 21. Nf3 {½-½ (34) Bronstein,D-Boleslavsky,I Moscow 1944}) 15. Nxb5 {[%emt 0:04:14]} Qxb5 {[%emt 0:01:24]} 16. Re1 {[%emt 0:01:48]} Rfe8 {[%emt 0:04:30]} 17. a4 {[%emt 0:14:18]} Qd3 {[%emt 0:08:10]} 18. Qb3 {[%emt 0:13:32]} b5 {[%emt 0:04:23]} 19. Re3 {[%emt 0:16:43]} Qc4 {[%emt 0:00:58]} 20. Qxc4 {[%emt 0:00:55]} Nxc4 {[%emt 0:00:58]} 21. Re2 {[%emt 0:00:01]} Bf6 {[%emt 0:00:16]} 22. g4 {[%emt 0:00:10]} b4 {[%emt 0:03:51]} 23. cxb4 {[%emt 0:05:52]} Rab8 {[%emt 0:00:04]} 24. Rc2 {[%emt 0:03:10]} (24. Bf1 $16) 24... Rxb4 {[%emt 0:02:05]} 25. Bf1 $11 {[%emt 0:00:01]} Nb6 {[%emt 0:01:00]} 26. Bxa6 {[%emt 0:04:07]} Nxa4 {[%emt 0:00:41]} 27. Rxa4 Rxa4 {[%emt 0:00:01]} 28. Bb5 {[%emt 0:02:41]} Raa8 {[%emt 0:00:08]} 29. Bxe8 Rxe8 {[%emt 0:00:01]} 30. b4 {[%emt 0:04:20]} 1-0

[Event "POR-chT 1st League 2017"]
[Site "Leiria"]
[Date "2017.07.20"]
[Round "5"]
[White "Lombaers, Peter"]
[Black "Andrade, Jose M Vieira"]
[Result "1-0"]
[WhiteElo "2327"]
[BlackElo "2223"]
[Annotator "NA"]
[PlyCount "65"]
[EventDate "2017.??.??"]
[EventType "team-tourn"]
[EventCountry "POR"]
[SourceTitle "playchess.com"]
[Source "ChessBase"]
[SourceQuality "1"]
[TimeControl "5400+30"]

1. d4 {[%emt 0:00:00]} Nf6 {[%emt 0:02:27]} 2. c4 {[%emt 0:00:00]} e6 {[%emt 0:00:08]} 3. Nc3 {[%emt 0:00:00]} Bb4 {[%emt 0:00:13]} 4. e3 {[%emt 0:00:00]} O-O {[%emt 0:00:50]} 5. Bd3 {[%emt 0:00:00]} d5 {[%emt 0:00:08]} 6. cxd5 {[%emt 0:00:00]} exd5 {[%emt 0:00:30]} 7. Nge2 {[%emt 0:00:03]} Bd6 {[%emt 0:02:53]} 8. O-O {[%emt 0:01:18] E48: Nimzo-Indian: Rubinstein: 5 Bd3 d5 including 6 Ne2, but excluding 6 a3} (8. Nb5 Be7 9. Bd2 a6 10. Nbc3 c5 11. dxc5 Bxc5 12. Nd4 Bxd4 13. exd4 Qb6 14. O-O Qxd4 15. Bg5 Nc6 16. Bxf6 Qxf6 17. Nxd5 Qxb2 {½-½ (92) Harikrishna,P (2750)-Hammer,J (2621) Moscow 2017}) 8... a6 {[%emt 0:07:15]} 9. f3 {[%emt 0:02:43]} c5 {[%emt 0:00:57]} 10. Qe1 {[%emt 0:01:06]} Nc6 {[%emt 0:01:22]} 11. Qh4 {[%emt 0:03:30]} Ne7 {[%emt 0:05:24]} 12. dxc5 $146 {[%emt 0:22:38]} ({Predecessor:} 12. g4 Ng6 13. Qf2 b5 14. g5 Nd7 15. f4 f5 16. gxf6 Nxf6 {0-1 (52) Pedersen,N (2300)-Iordachescu,V (2500) Zagan 1997}) 12... Bxc5 {[%emt 0:00:21]} 13. Nd4 {[%emt 0:00:21]} Re8 {[%emt 0:13:47]} 14. Bd2 {[%emt 0:05:32]} Bd7 {[%emt 0:04:23]} 15. Rfe1 {[%emt 0:07:34]} Rc8 {[%emt 0:00:45]} 16. Nce2 {[%emt 0:01:51]} Ng6 {[%emt 0:04:30]} 17. Qf2 {[%emt 0:00:28]} Ne5 {[%emt 0:00:30]} 18. Nf4 {[%emt 0:24:22]} a5 {[%emt 0:35:15]} 19. Bf1 {[%emt 0:03:17]} Qb6 {[%emt 0:04:20]} 20. Nb3 {[%emt 0:04:29]} Bb4 {[%emt 0:01:10]} 21. Bxb4 {[%emt 0:00:20]} Qxb4 {[%emt 0:00:14]} 22. Rad1 {[%emt 0:01:32]} a4 {[%emt 0:04:33]} 23. Nd4 {[%emt 0:00:23]} Qb6 {[%emt 0:02:00]} 24. Nd3 {[%emt 0:06:41]} Nc4 {[%emt 0:01:21]} 25. b3 {[%emt 0:00:34]} axb3 {[%emt 0:00:46]} 26. axb3 {[%emt 0:00:04]} Nd6 {[%emt 0:01:39]} 27. Nf4 {[%emt 0:00:11]} Rc3 {[%emt 0:01:29]} 28. Bd3 {[%emt 0:02:43]} Bb5 {[%emt 0:01:22]} 29. Qd2 {[%emt 0:01:21]} Rc5 {[%emt 0:01:38]} 30. Qb4 {[%emt 0:01:30]} Rec8 {[%emt 0:00:46]} (30... g5 {was necessary.}) 31. Bxb5 {[%emt 0:01:13]} Nxb5 {[%emt 0:02:22]} 32. Nd3 {[%emt 0:00:05]} Nd7 {[%emt 0:00:39]} 33. Nxc5 $18 {[%emt 0:01:22]} 1-0

[Event "POR-chT 1st League 2017"]
[Site "Leiria"]
[Date "2017.07.20"]
[Round "5"]
[White "Figuero Toro, Julian Francisco"]
[Black "Diogo, Vasco"]
[Result "1/2-1/2"]
[WhiteElo "2314"]
[BlackElo "2213"]
[Annotator "ChessBase"]
[PlyCount "96"]
[EventDate "2017.??.??"]
[EventType "team-tourn"]
[EventCountry "POR"]
[SourceTitle "playchess.com"]
[Source "ChessBase"]
[SourceQuality "1"]
[TimeControl "5400+30"]

1. d4 {[%emt 0:00:00]} Nf6 {[%emt 0:00:09]} 2. c4 {[%emt 0:00:06]} g6 {[%emt 0:00:06]} 3. Nc3 {[%emt 0:00:08]} Bg7 {[%emt 0:00:06]} 4. e4 {[%emt 0:02:04]} d6 {[%emt 0:00:07]} 5. Nf3 {[%emt 0:00:11]} O-O {[%emt 0:00:08]} 6. h3 {[%emt 0:00:12]} e5 {[%emt 0:00:59]} 7. d5 {[%emt 0:00:05]} Nbd7 {[%emt 0:03:06]} 8. Be3 {[%emt 0:04:42]} Nc5 {[%emt 0:03:34]} 9. Nd2 {[%emt 0:00:48]} a5 {[%emt 0:00:56]} 10. g4 {[%emt 0:01:11]} Bd7 {[%emt 0:02:30]} 11. Be2 {[%emt 0:03:15]} a4 {[%emt 0:05:30]} 12. a3 {[%emt 0:21:05]} Ne8 {[%emt 0:07:31]} 13. h4 {[%emt 0:07:46]} f5 {[%emt 0:06:22]} 14. g5 {[%emt 0:03:08]} f4 {[%emt 0:08:43]} 15. Bxc5 {[%emt 0:00:10]} dxc5 {[%emt 0:00:03]} 16. f3 {[%emt 0:06:49]} Nd6 {[%emt 0:00:44]} 17. Bd3 {[%emt 0:01:31]} h6 {[%emt 0:22:59]} 18. gxh6 {[%emt 0:06:16]} Bf6 {[%emt 0:05:30]} 19. Ke2 Kh7 20. Qg1 {[%emt 0:04:46]} b6 {[%emt 0:00:39]} 21. Qf2 {[%emt 0:01:36]} Rg8 {[%emt 0:01:03]} 22. Rag1 {[%emt 0:00:59]} Rb8 {[%emt 0:03:47]} 23. Bc2 {[%emt 0:07:52]} b5 {[%emt 0:05:23]} 24. cxb5 {[%emt 0:11:29]} Bxb5+ {[%emt 0:01:38]} 25. Kd1 {[%emt 0:00:43]} Bd7 {[%emt 0:02:15]} 26. Kc1 {[%emt 0:01:25]} Ra8 {[%emt 0:03:18]} 27. Bd3 {[%emt 0:00:41]} Qe7 {[%emt 0:04:21]} 28. Rg2 {[%emt 0:02:04]} Rab8 {[%emt 0:00:13]} 29. Rgh2 {[%emt 0:05:46]} Nf7 {[%emt 0:01:16]} 30. Nc4 {[%emt 0:01:56]} Kxh6 {[%emt 0:02:17]} 31. Qc2 {[%emt 0:00:48]} Ra8 {[%emt 0:01:07]} 32. Qf2 {[%emt 0:00:23]} Qd8 {[%emt 0:01:16]} 33. Qxc5 {[%emt 0:01:51]} Be7 {[%emt 0:00:05]} 34. Qf2 {[%emt 0:00:25]} Qb8 {[%emt 0:01:13]} 35. d6 {[%emt 0:00:40]} Bxd6 {[%emt 0:01:46]} 36. Nd5 {[%emt 0:01:20]} Be6 {[%emt 0:00:44]} 37. Rg2 {[%emt 0:00:43]} Qb3 {[%emt 0:01:04]} 38. Qc2 {[%emt 0:00:40]} Rab8 {[%emt 0:00:22]} 39. Na5 {[%emt 0:00:58]} Qa2 {[%emt 0:01:13]} 40. Bc4 {[%emt 0:01:09]} Qa1+ {[%emt 0:00:12]} 41. Qb1 {[%emt 0:00:05]} Qxb1+ {[%emt 0:00:09]} 42. Kxb1 {[%emt 0:00:01]} Nd8 {[%emt 0:01:55]} 43. Rc1 {[%emt 0:02:00]} Rf8 {[%emt 0:00:34]} 44. Rcg1 {[%emt 0:00:25]} Rg8 {[%emt 0:00:26]} 45. Nf6 {[%emt 0:00:18]} Rg7 {[%emt 0:00:26]} 46. Ne8 {[%emt 0:00:17]} Rg8 {[%emt 0:00:21]} 47. Nf6 {[%emt 0:00:07]} Rg7 {[%emt 0:01:15]} 48. Ne8 {[%emt 0:00:10]} Rg8 {[%emt 0:01:44]} 1/2-1/2

[Event "POR-chT 1st League 2017"]
[Site "Leiria"]
[Date "2017.07.20"]
[Round "5"]
[White "Barrero Garcia, Carlos"]
[Black "Trigo Urquijo, Sergio"]
[Result "1/2-1/2"]
[WhiteElo "2309"]
[BlackElo "2389"]
[Annotator "TA"]
[PlyCount "66"]
[EventDate "2017.??.??"]
[EventType "team-tourn"]
[EventCountry "POR"]
[SourceTitle "playchess.com"]
[Source "ChessBase"]
[SourceQuality "1"]

{[%evp 19,66,29,32,39,35,35,23,30,40,21,62,38,70,66,56,59,74,61,58,41,43,43,65,41,127,115,140,141,139,128,151,150,135,120,128,103,106,106,105,104,100,101,129,116,106,0,92,0,127]} 1. e4 d6 2. d4 Nf6 3. Nc3 e5 4. Nf3 Nbd7 5. Bc4 Be7 6. O-O O-O 7. Re1 a6 8. a4 b6 9. Ba2 c6 10. h3 Rb8 11. Be3 {C41: Philidor Defence} b5 12. axb5 axb5 13. b4 {White has an edge.} Qc7 14. Bb3 (14. Qd3 Nb6 15. Bb3 h6 16. Red1 Be6 17. Bxe6 fxe6 18. dxe5 dxe5 19. Bxb6 Qxb6 {½-½ (36) Areshchenko,A (2709)-Felgaer,R (2586) Tromsoe 2013}) 14... h6 15. Qd2 exd4 $146 ({Predecessor:} 15... Rb7 16. Red1 Nb6 17. dxe5 dxe5 18. Bc5 Bxc5 19. bxc5 {½-½ (62) Hruby,M (2226)-Orsolic,M (2118) LSS email 2011}) 16. Nxd4 Ne5 $1 17. f4 {[%cal Bf2f4,Bf4e5][%mdl 32]} Nc4 18. Bxc4 $1 bxc4 19. e5 dxe5 20. fxe5 Nh7 21. b5 $1 $36 {[%mdl 2048] White is pushing.} cxb5 (21... Bd7 $14) 22. Nd5 $16 Qb7 23. Nxe7+ Qxe7 24. Nc6 $1 {[%csl LRb8,LRe7]} Qc7 25. Nxb8 Qxb8 26. Bc5 Re8 27. Qd6 Bf5 28. Qxb8 Rxb8 29. c3 Ng5 30. Ra7 Ne4 31. Bd4 Ng5 32. Bc5 Ne4 $1 {[%cal Re4c5]} 33. Bd4 Ng5 $1 {Precision: White = 85%, Black = 56%.} 1/2-1/2

[Event "POR-chT 1st League 2017"]
[Site "Leiria"]
[Date "2017.07.20"]
[Round "5"]
[White "Padeiro, Jose"]
[Black "Reis, Luis Sousa"]
[Result "1/2-1/2"]
[WhiteElo "2276"]
[BlackElo "2182"]
[Annotator "ChessBase"]
[PlyCount "53"]
[EventDate "2017.??.??"]
[EventType "team-tourn"]
[EventCountry "POR"]
[SourceTitle "playchess.com"]
[Source "ChessBase"]
[SourceQuality "1"]
[TimeControl "5400+30"]

1. d4 d5 2. c4 e5 3. dxe5 d4 4. a3 Nc6 5. e3 Nge7 6. Be2 Bf5 7. g4 Be4 8. Bf3 Bxf3 9. Nxf3 dxe3 10. Qxd8+ Rxd8 11. Bxe3 Ng6 12. e6 fxe6 13. Nbd2 Be7 14. Ng5 Bxg5 15. Bxg5 Rd4 16. h3 Nf4 17. Bxf4 Rxf4 18. O-O Rd4 19. Nf3 Rxc4 20. Ng5 Ke7 21. Rae1 Nd4 22. Re3 h6 23. Ne4 Nc2 24. Re2 Nd4 25. Re3 Nc2 26. Re2 Nd4 27. Re3 1/2-1/2